00386nam a2200109Ia 4500008004100000020002200041100002200063245011300085260004200198300002500240650001100265200922s9999 xx 000 0 und d a978-621-409-129-4 aPalean, Erland D. cErland D. Palean, Mylah B.D. Nazario, Ivan Khalil l. Descartin, et.al.aEthics:bexploring moral philosophy/ aManila:bBooks Atbp. Publishingc2019 ax, 246 pagesc25 cm. aEthics